Slovenské ľudové piesne zv. 3

Bibliographic Details
Main Author: Poloczek, František (Author, Compiler)
Other Authors: Benka, Martin, 1888-1971 (Illustrator)
Format: Book
Language:Slovak
PhysicalDescription:696, [2] s., [128] obr. príl. 4°
Published: Bratislava SAV 1956
Subjects:

MARC

LEADER 00000cam a2200000 a 4500
001 vtls008311649
003 SK-MaSNL
005 20260301122939.0
008 180813s1956 xo 000 0 slo
015 |a SNBA1956 
035 |a SK01SNK19570003866 
035 |a SKM000006329 
040 |a SNK  |b slo  |c SNK  |e AACR2 
041 1 |a slo 
044 |a xo 
080 |a 398.8(437.672)  |2 1981 
100 1 |a Poloczek, František  |4 aut  |4 com  |9 386571 
245 1 0 |a Slovenské ľudové piesne  |n zv. 3  |c zozbieral a priprav. František Poloczek ; kresby vyhotovil Martin Benka 
260 |a Bratislava  |b SAV  |c 1956  |e Martin  |f Severoslovenské tlačiarne 
300 |a 696, [2] s., [128] obr. príl.  |c 4° 
366 |e 6700 výt. 
500 |a Paralel. úvod. a vysvetl. rus., nem., a angl. 
650 0 7 |a ľudové piesne  |2 SNKPH  |9 1941 
655 7 |a monografie  |2 SNKPH  |9 70139 
700 1 |a Benka, Martin,  |d 1888-1971  |4 ill  |9 100354 
852 |a Slovenská národná knižnica v Martine  |b 10000  |h SB 1756 
852 |a Slovenská národná knižnica v Martine  |b 10000  |h SB 1756 D1 
919 |a brož. 
958 |a OND 
958 |a TL 
958 |a RK 
999 |c 734639  |d 736569 
952 |a SNK  |b SNK  |y VYP  |7 0  |p 17A0032420  |o snkSB 1756/3 D1  |i snkKSP 172/1957  |0 0  |1 0  |4 0  |d 1997-01-21  |l 0  |r 2005-01-01 00:00:00  |w 2026-02-23 
952 |t P60, <03>, [BOOK], {603}  |a SNK  |b SNK  |y PREZ  |7 0  |p 17A0157096  |o snkSB 1756/3  |0 0  |1 0  |4 0  |d 1998-08-31  |f 1  |l 0  |r 2025-02-07 00:00:00  |w 2026-02-23